| Tag |
First Indicator |
Second Indicator |
Subfields |
| LEADER |
00000pam a22000004a 4500 |
| 001 |
in00002395621 |
| 005 |
20151109061529.0 |
| 008 |
080123s2008 mdua b 001 0ceng |
| 010 |
|
|
|a 2008003392
|
| 019 |
|
|
|a 191245705
|
| 020 |
|
|
|a 9781591149910 (alk. paper)
|
| 020 |
|
|
|a 1591149916 (alk. paper)
|
| 035 |
|
|
|a (OCoLC)ocn191258699
|
| 035 |
|
|
|a (OCoLC)191258699
|z (OCoLC)191245705
|
| 040 |
|
|
|a DLC
|c DLC
|d YDX
|d BAKER
|d YDXCP
|d BWX
|d UtOrBLW
|
| 049 |
|
|
|a TXAM
|
| 050 |
0 |
0 |
|a UB210
|b .Z26 2008 vol. 2
|
| 082 |
0 |
0 |
|a 355.0092/2
|2 22
|
| 090 |
|
|
|a UB210
|b .Z262 2008
|
| 100 |
1 |
|
|a Zabecki, David T.
|
| 245 |
1 |
0 |
|a Chief of staff :
|b the principal officers behind history's great commanders.
|n Vol. 2,
|p World War II to Korea and Vietnam /
|c David T. Zabecki.
|
| 246 |
3 |
0 |
|a Principal officers behind history's great commanders
|
| 264 |
|
1 |
|a Annapolis, Md. :
|b Naval Institute Press,
|c [2008]
|
| 264 |
|
4 |
|c ©2008
|
| 300 |
|
|
|a xi, 243 pages :
|b illustrations ;
|c 24 cm.
|
| 336 |
|
|
|a text
|b txt
|2 rdacontent
|
| 337 |
|
|
|a unmediated
|b n
|2 rdamedia
|
| 338 |
|
|
|a volume
|b nc
|2 rdacarrier
|
| 504 |
|
|
|a Includes bibliographical references (pages 231-235) and index.
|
| 650 |
|
0 |
|a Command of troops
|v Case studies.
|
| 650 |
|
0 |
|a Leadership
|v Case studies.
|
| 650 |
|
0 |
|a Armed Forces
|x Officers
|v Biography.
|
| 650 |
|
0 |
|a Generals
|v Biography.
|
| 650 |
|
0 |
|a Military history, Modern
|y 20th century.
|
| 938 |
|
|
|a Baker & Taylor
|b BKTY
|c 37.95
|d 37.95
|i 1591149916
|n 0007604803
|s active
|
| 938 |
|
|
|a YBP Library Services
|b YANK
|n 2759340
|
| 938 |
|
|
|a Blackwell Book Service
|b BBUS
|n R3710133
|c $37.95
|
| 945 |
|
|
|a PromptCat
|b 426816
|
| 946 |
|
|
|a stk
|
| 947 |
|
|
|a A14836797543
|
| 994 |
|
|
|a 92
|b TXA
|
| 999 |
|
|
|a MARS
|
| 999 |
f |
f |
|s 26b412a9-804e-34a9-9b4c-7ea3ffafee0b
|i 4d852cbe-dbe8-3802-bd3f-211db7557cbe
|t 0
|
| 952 |
f |
f |
|p normal
|a Texas A&M University
|b College Station
|c Sterling C. Evans Library
|d Evans: Library Stacks
|t 0
|e UB210 .Z262 2008
|h Library of Congress classification
|i unmediated -- volume
|m A14836797543
|
| 998 |
f |
f |
|a UB210 .Z262 2008
|t 0
|l Evans: Library Stacks
|